Заповедники Дальневосточного края (Запись № 7219814)

Подробности
000 -МАРКЕР
контрольное поле 04674nam0a22003851 4500
001 - ИДЕНТИФИКАТОР ЗАПИСИ
контрольное поле rc\3015664
005 - ИДЕНТИФИКАТОР ВЕРСИИ
контрольное поле 20250530013259.0
035 ## - ДРУГИЕ СИСТЕМНЫЕ НОМЕРА
Идентификатор записи (NLR Aleph) 007157984
100 ## - ДАННЫЕ ОБЩЕЙ ОБРАБОТКИ
Данные общей обработки 20110925d1936 |||y0rusy50 ca
101 0# - ЯЗЫК РЕСУРСА
Язык текста, звукозаписи и т.д. русский
102 ## - СТРАНА ПУБЛИКАЦИИ ИЛИ ПРОИЗВОДСТВА
Страна публикации Российская Федерация
105 ## - ПОЛЕ КОДИРОВАННЫХ ДАННЫХ: ТЕКСТОВЫЕ МАТЕРИАЛЫ, МОНОГРАФИЧЕСКИЕ
Кодированные данные о монографическом текстовом документе ab z |||||
200 1# - ЗАГЛАВИЕ И СВЕДЕНИЯ ОБ ОТВЕТСТВЕННОСТИ
Основное заглавие Заповедники Дальневосточного края
Сведения, относящиеся к заглавию [Сборник статей]
-- (С рис. и карт.)
Первые сведения об ответственности Отв. ред. Н. Протанский
Последующие сведения об ответственности [Предисл.: А. Цымек]
210 ## - ПУБЛИКАЦИЯ, РАСПРОСТРАНЕНИЕ И ДР.
Место издания, распространения и т.д. Хабаровск
Имя издателя, распространителя и т. д. Дальгиз
Дата издания, распространения и т.д. 1936
Место изготовления Владивосток
Имя изготовителя типо-литогр. им. Волина
215 ## - ФИЗИЧЕСКАЯ ХАРАКТЕРИСТИКА
Специфическое обозначение материала и объем Переплет, 87 с., 12 вкл. л. ил. и карт.
Другие сведения о физической характеристике ил., карт.
Размеры 22×14 см
225 1# - СЕРИЯ
Основное заглавие серии Записки
Сведения об ответственности Д.-Вост. краев. план. комиссия. Приморск. филиал Гос. геогр. о-ва
Обозначение тома т. 6 (23)
320 ## - ПРИМЕЧАНИЯ О НАЛИЧИИ В ДОКУМЕНТЕ БИБЛИОГРАФИИ / УКАЗАТЕЛЯ
Текст примечания Библиогр.: "Перечень лит-ры о морском бобре" (23 назв.)
327 1# - ПРИМЕЧАНИЯ О СОДЕРЖАНИИ
Текст примечания Содерж.: Абрамов К.Г., Салмин Ю.А. Сихотэ-Алинский государственный заповедник; Абрамов К.Г. Кроноцкий комплексный заповедник; Коркешко А.Л., Миролюбов И.И. Государственный заповедник "Кедровая Падь"; Булдовский А.Т. Об организации черепашьего заповедника и птичьего резервата на озере Ханка; Воробьев Д.П. Заповедник южноуссурийской флоры и фауны; Кабанов Н.Е. Об охране памяткников природы Советского Сахалина; Кабанов Н.Е. Тисовые рощи на острове Петрова в Японском море; Колесников Б.П. Заповедники охотской флоры и фауны; Добровольский И.Д. Лопатинский бобровый заповедник
464 #0 - АНАЛИТИЧЕСКИЙ УРОВЕНЬ
Встроенное поле 2001#$aСихотэ-Алинский государственный заповедник
-- 700#1$aАбрамов$bК. Г.$4070
-- 701#1$aСалмин$bЮ. А.$4070
Заглавие Сихотэ-Алинский государственный заповедник
Автор Абрамов, К. Г.
464 #0 - АНАЛИТИЧЕСКИЙ УРОВЕНЬ
Встроенное поле 2001#$aКроноцкий комплексный заповедник
-- 700#1$aАбрамов$bК. Г.$4070
Заглавие Кроноцкий комплексный заповедник
Автор Абрамов, К. Г.
464 #0 - АНАЛИТИЧЕСКИЙ УРОВЕНЬ
Встроенное поле 2001#$aГосударственный заповедник "Кедровая Падь"
-- 700#1$aКоркешко$bА. Л.$4070
-- 701#1$aМиролюбов$bИ. И.$4070
Заглавие Государственный заповедник "Кедровая Падь"
Автор Коркешко, А. Л.
464 #0 - АНАЛИТИЧЕСКИЙ УРОВЕНЬ
Встроенное поле 2001#$aОб организации черепашьего заповедника и птичьего резервата на озере Ханка
-- 700#1$aБулдовский$bА. Т.$4070
Заглавие Об организации черепашьего заповедника и птичьего резервата на озере Ханка
Автор Булдовский, А. Т.
464 #0 - АНАЛИТИЧЕСКИЙ УРОВЕНЬ
Встроенное поле 2001#$aЗаповедник южноуссурийской флоры и фауны
-- 700#1$aВоробьев$bД. П.$4070
Заглавие Заповедник южноуссурийской флоры и фауны
Автор Воробьев, Д. П.
464 #0 - АНАЛИТИЧЕСКИЙ УРОВЕНЬ
Встроенное поле 2001#$aОб охране памяткников природы Советского Сахалина
-- 700#1$aКабанов$bН. Е.$4070
Заглавие Об охране памяткников природы Советского Сахалина
Автор Кабанов, Н. Е.
464 #0 - АНАЛИТИЧЕСКИЙ УРОВЕНЬ
Встроенное поле 2001#$aТисовые рощи на острове Петрова в Японском море
-- 700#1$aКабанов$bН. Е.$4070
Заглавие Тисовые рощи на острове Петрова в Японском море
Автор Кабанов, Н. Е.
464 #0 - АНАЛИТИЧЕСКИЙ УРОВЕНЬ
Встроенное поле 2001#$aЗаповедники охотской флоры и фауны
-- 700#1$aКолесников$bБ. П.$4070
Заглавие Заповедники охотской флоры и фауны
Автор Колесников, Б. П.
464 #0 - АНАЛИТИЧЕСКИЙ УРОВЕНЬ
Встроенное поле 2001#$aЛопатинский бобровый заповедник
-- 700#1$aДобровольский$bИ. Д.$4070
Заглавие Лопатинский бобровый заповедник
Автор Добровольский, И. Д.
702 #1 - ИМЯ ЛИЦА - ВТОРИЧНАЯ ОТВЕТСТВЕННОСТЬ
Начальный элемент ввода Протанский
Часть имени, кроме начального элемента ввода Н.
Код отношения Редактор
702 #1 - ИМЯ ЛИЦА - ВТОРИЧНАЯ ОТВЕТСТВЕННОСТЬ
Начальный элемент ввода Цымек
Часть имени, кроме начального элемента ввода А.
Код отношения Автор введения, предисловия, примечания и т.п.
801 #0 - ИСТОЧНИК ЗАПИСИ
Страна Российская Федерация
Организация NLR
Правила каталогизации psbo
801 #1 - ИСТОЧНИК ЗАПИСИ
Страна Российская Федерация
Организация ELAR
Источник данных rusmarc
852 ## - МЕСТОНАХОЖДЕНИЕ И ШИФР ХРАНЕНИЯ
Идентификатор организации NLR
Шифр хранения (Call Number) П20/33
942 ## - ДОПОЛНИТЕЛЬНЫЕ ЭЛЕМЕНТЫ ЗАПИСИ (АБИС)
Тип экземпляра АБИС Книга
980 ## - КОЛЛЕКЦИЯ
Название коллекции Национальная библиография
Экземпляры
Тип экземпляра Дата поступления Библиотека постоянного хранения Библиотека текущего хранения Место хранения Шифр хранения Штрих-код Статус экземпляра
Книга 26.10.2013 РНБ (Московский) РНБ (Московский) Русский журнальный фонд П20/33 7157984-10